Royal Answers - Statistics

General Stats
  • This quiz has been taken 39 times
  • The average score is 8 of 26
Answer Stats
Hint Answer % Correct
Freddie Mercury band Queen
100%
Giant ape King Kong
76%
Largest penguin Emperor Penguin
55%
Capital of Haiti Port Au Prince
55%
A melodramatic person Drama Queen
48%
Winner of a beauty contest Beauty Queen
45%
Poker hand with the Ace, King, Queen, Jack, and 10 in the same suit Royal Flush
45%
Jurassic Park's Tyrant Lizard King Tyrannosaurus Rex
42%
The Lion King of the Jungle
39%
The RAF Royal Air Force
39%
Jesus' thorny accessory Crown of Thorns
36%
Generic fairytale hero Prince Charming
36%
Beyonce nick name Queen Bee
36%
Disney story of a heroine unhappy with her mattress Princess and the Pea
33%
Largest mattress Eastern King
24%
Honey bee secretion that can determine status in the hive Royal Jelly
21%
A very large amount of money King's Ransom
18%
Type of milkweed butterfly Monarch
18%
Wes Anderson film about a kooky family starring Gwenyth Paltrow The Royal Tenenbaums
18%
In Pulp Fiction: A quarter pounder with cheese in France Royale With Cheese
12%
A group fight where the last person to survive is the winner Battle Royale
6%
The Afterlife / Heaven Kingdom Come
3%
A woman's hair Crown and Glory
0%
A royal successor Heir To The Thrown
0%
National Park in Michigan Isle Royal
0%
The toilet The Porcelain Thrown
0%
No matching quizzes found
Score Distribution
Percent of People with Each Score
Percentile by Number Answered
Your Score History
You have not taken this quiz